|
|
|
|
| LEADER |
02323nai a2200517 a 4500 |
| 001 |
nkc20051492906 |
| 003 |
CZ PrNK |
| 005 |
20151105153750.0 |
| 007 |
td |
| 008 |
041214d20042009xr qr l fl 0 b2cze |
| 015 |
|
|
|a cnb001492906
|
| 022 |
|
|
|a 1801-8033
|
| 035 |
|
|
|a (OCoLC)85150744
|
| 040 |
|
|
|a ABA001
|b cze
|d OLA001
|d BOA001
|
| 072 |
|
7 |
|a 004.7
|x Počítačové sítě
|2 Konspekt
|9 23
|
| 080 |
|
|
|a 004.7.056
|2 MRF
|
| 080 |
|
|
|a (094.5)
|2 MRF
|
| 080 |
|
|
|a (035)
|2 MRF
|
| 100 |
1 |
|
|a Berka, Milan,
|d 1955-
|7 jn20000400155
|4 aut
|
| 222 |
|
0 |
|a Bezpečná počítačová síť
|
| 245 |
1 |
0 |
|a Bezpečná počítačová síť /
|c Milan Berka
|
| 260 |
|
|
|a Praha :
|b Dashöfer,
|c 2004-2009
|
| 300 |
|
|
|a 3 sv. (na volných l.) ;
|c 23 cm
|
| 310 |
|
|
|a Aktualizováno čtvrtletně
|
| 500 |
|
|
|a Některé sv. obsahují 1 CD-ROM + licenci
|
| 500 |
|
|
|a 4. a 12. aktualizace včetně pořadače
|
| 500 |
|
|
|a Do 12. aktualizace vycházelo s ISBN 80-86229-79-3, od 13. aktualizace místo ISBN přiděleno ISSN
|
| 500 |
|
|
|a Popsáno podle: základní dílo vyd. 2004 včetně 23. aktualizace (listopad 2009)
|
| 521 |
8 |
|
|a Určeno pro IT manažery, IT security manažery, správce sítě
|
| 541 |
|
|
|c pv-a
|
| 650 |
0 |
7 |
|a zabezpečení počítačových sítí
|7 ph127513
|2 czenas
|
| 650 |
0 |
9 |
|a computer network security
|2 eczenas
|
| 655 |
|
7 |
|a zákony
|7 fd133886
|2 czenas
|
| 655 |
|
7 |
|a právní předpisy
|7 fd133151
|2 czenas
|
| 655 |
|
7 |
|a příručky
|7 fd133209
|2 czenas
|
| 655 |
|
9 |
|a laws
|2 eczenas
|
| 655 |
|
9 |
|a legal regulations
|2 eczenas
|
| 655 |
|
9 |
|a handbooks and manuals
|2 eczenas
|
| 902 |
|
|
|a 80-86229-79-3
|q (volné l. v pořadači)
|z 80-86229-23-8
|
| 910 |
2 |
|
|a BOA001
|b 2-1141.387
|s základní dílo 2004-2009 + aktual.1-23 (listopad 2009)
|
| 920 |
|
|
|a 000745290
|
| 990 |
|
|
|a SE
|
| 995 |
|
|
|a 01
|
| 996 |
6 |
|
|b 2610230654
|c 04432-1141.387
|d 2004-09+akt.1-23, sv.1
|v 2004
|i 1
|y 2004
|l MZK
|r Sklad / do 1 hodiny
|n 0
|p p.v. ; posl.akt.23/0911
|w 000745290
|u 000010
|a 1
|e BOA001
|j MZK50
|s P
|
| 996 |
6 |
|
|b 2610243865
|c 04432-1141.387
|d 2004-09 +akt.1-23, sv.2
|v 2004
|i 2
|y 2004
|l MZK
|r Sklad / do 1 hodiny
|n 0
|p p.v. ; posl.akt.23/0911
|w 000745290
|u 000020
|a 1
|e BOA001
|j MZK50
|s P
|
| 996 |
6 |
|
|b 2610303485
|c 04432-1141.387
|d 2004-09 +akt.1-23, sv.3
|v 2004
|i 3
|y 2004
|l MZK
|r Sklad / do 1 hodiny
|n 1
|p posl.akt.23/0911
|w 000745290
|u 000030
|a 1
|e BOA001
|j MZK50
|s P
|